Mliekarenstvo na Slovensku

Uložené v:
Podrobná bibliografia
Hlavný autor: Ondrľová, Petra
Médium: Kniha
Jazyk:Slovak
Vydavateľské údaje: Bratislava STU FCHPT 2012
On-line prístup:View in OPAC
Tagy: Pridať tag
Žiadne tagy, Buďte prvý, kto otaguje tento záznam!

MARC

LEADER 00000nam a2200000 a 4500
005 20260127134223.0
008 120816 2012 xo 000 0 slo d
035 |a vtls010442812 
039 9 |y 201208160953  |z mschk03 
040 |a STUSCHK1  |b slo  |c STUSCHK1  |e AACR2 
100 1 |a Ondrľová, Petra 
245 1 |a Mliekarenstvo na Slovensku  |c Petra Ondrľová 
260 |a Bratislava  |b STU FCHPT  |c 2012 
300 |a 34 s.  |b il.  |c 30 cm 
500 |a Obháj.: 10.7. 2012 
500 |a Študijný program: výživa-kozmetika-ochrana zdravia 
500 |a Študijný odbor: 5.2.24 potravinárstvo 
500 |a Bakalárska práca 
500 |a FCHPT, Oddelenie výživy a hodnotenia potravín 
500 |a Evidenčné číslo: 13046-69606 
910 |a SCHK95 
999 |c 7033  |d 7033